Statystyki dla Mistrzowie NBA, ABA i BAA

Kliknij tutaj aby rozwiązać quiz!

Ogólne statystyki

  • Ten quiz został rozwiązany 41 razy
    (12 od ostatniego zresetowania)
  • Średni wynik to 41 z 86

Statystyki odpowiedzi

RokZespółLiga% Poprawnych
2023Denver NuggetsNBA
91%
2022Golden State WarriorsNBA
91%
2018Golden State WarriorsNBA
82%
2017Golden State WarriorsNBA
82%
2020Los Angeles LakersNBA
82%
2021Milwaukee BucksNBA
82%
2019Toronto RaptorsNBA
82%
2008Boston CelticsNBA
73%
2016Cleveland CavaliersNBA
73%
2011Dallas MavericksNBA
73%
2015Golden State WarriorsNBA
73%
2009Los Angeles LakersNBA
73%
2002Los Angeles LakersNBA
73%
2001Los Angeles LakersNBA
73%
2010Los Angeles LakersNBA
73%
2013Miami HeatNBA
73%
2012Miami HeatNBA
73%
2014San Antonio SpursNBA
73%
1997Chicago BullsNBA
64%
1991Chicago BullsNBA
64%
1992Chicago BullsNBA
64%
1993Chicago BullsNBA
64%
1996Chicago BullsNBA
64%
1998Chicago BullsNBA
64%
1995Houston RocketsNBA
64%
1994Houston RocketsNBA
64%
2000Los Angeles LakersNBA
64%
2007San Antonio SpursNBA
64%
1963Boston CelticsNBA
55%
1959Boston CelticsNBA
55%
1962Boston CelticsNBA
55%
1961Boston CelticsNBA
55%
1964Boston CelticsNBA
55%
1960Boston CelticsNBA
55%
2004Detroit PistonsNBA
55%
1990Detroit PistonsNBA
55%
1989Detroit PistonsNBA
55%
1988Los Angeles LakersNBA
55%
1985Los Angeles LakersNBA
55%
2006Miami HeatNBA
55%
1950Minneapolis LakersNBA
55%
1952Minneapolis LakersNBA
55%
1999San Antonio SpursNBA
55%
1965Boston CelticsNBA
45%
1966Boston CelticsNBA
45%
1968Boston CelticsNBA
45%
1986Boston CelticsNBA
45%
1984Boston CelticsNBA
45%
1957Boston CelticsNBA
45%
1969Boston CelticsNBA
45%
1972Los Angeles LakersNBA
45%
1980Los Angeles LakersNBA
45%
1982Los Angeles LakersNBA
45%
1987Los Angeles LakersNBA
45%
1953Minneapolis LakersNBA
45%
1954Minneapolis LakersNBA
45%
2005San Antonio SpursNBA
45%
2003San Antonio SpursNBA
45%
1974Boston CelticsNBA
36%
1981Boston CelticsNBA
36%
1976Boston CelticsNBA
36%
1949Minneapolis LakersBAA
36%
1983Philadelphia 76ersNBA
36%
1967Philadelphia 76ersNBA
36%
1947Philadelphia WarriorsBAA
36%
1979Seattle SuperSonicsNBA
36%
1948Baltimore BulletsBAA
27%
1975Golden State WarriorsNBA
27%
1971Milwaukee BucksNBA
27%
1956Philadelphia WarriorsNBA
27%
1977Portland Trail BlazersNBA
27%
1951Rochester RoyalsNBA
27%
1958St. Louis HawksNBA
27%
1955Syracuse NationalsNBA
27%
1978Washington BulletsNBA
27%
1970New York KnicksNBA
18%
1973New York KnicksNBA
18%
1976New York NetsABA
18%
1974New York NetsABA
9%
1970Indiana PacersABA
0%
1972Indiana PacersABA
0%
1973Indiana PacersABA
0%
1975Kentucky ColonelsABA
0%
1969Oakland OaksABA
0%
1968Pittsburgh PipersABA
0%
1971Utah StarsABA
0%

Rozkład punktacji

Percentyl według liczby udzielonych odpowiedzi

Procent ludzi z każdym wynikiem

Twoja historia wyników

Nie rozwiązałeś tego quizu od ostatniego zresetowania